[Event "Yangon schev"]
[Site "Yangon"]
[Date "1999.02.13"]
[Round "14"]
[White "Nay, Oo Kyaw Tun"]
[Black "May, Aung Hlaing"]
[Result "1-0"]
[WhiteElo "2495"]
[BlackElo "2507"]
[PlyCount "59"]
[EventDate "1999.01.??"]
[EventType "schev"]
[EventRounds "14"]
[EventCountry "BUR"]
[SourceTitle "EXT 2000"]
[Source "ChessBase"]
[SourceDate "1999.11.16"]
[SourceVersion "1"]
[SourceVersionDate "1999.11.16"]
[SourceQuality "1"]

1. e4 e5 2. Nf3 Nf6 3. Nxe5 d6 4. Nf3 Nxe4 5. d4 d5 6. Bd3 Nc6 7. 0-0 Be7 8. c4 Nb4 9. Be2 Be6 10. Nc3 0-0 11. Be3 f5 12. a3 Nxc3 13. bxc3 Nc6 14. Rb1 f4 15. Bc1 Rb8 16. cxd5 Bxd5 17. Re1 Kh8 18. Bd3 Qd7 19. c4 Bxf3 20. Qxf3 Nxd4 21. Qe4 Nf5 22. Rb5 c5 23. Bxf4 Rbd8 24. Bc2 b6 25. g4 Rde8 26. Rd1 Bd6 27. Rxd6 Qc8 28. Qd3 Re1+ 29. Kg2 Nh4+ 30. Kh3 1-0